000 01261nmm a2200433 a 4500
003 AR-BaBNM
005 20251128203003.0
008 237019s1964 ||||||||||||||000 | spa||
040 _cAR-BaBNM
100 1 _aHayes, Carlton J.H.
245 1 0 _aHistoria política y cultural de la europa moderna
_nVolumen 1
250 _a2ª ed.
260 _aBarcelona
_bJuventud
_c1964
300 0 _a807 p.
_bmapas, il., láms.
500 0 _aContiene índice de materias p. 789-807
500 0 _aApéndice con los jefes europeos 1500-1830 p. 777-787
600 1 4 _aBonaparte, Napoleón
600 1 4 _aRobespierre, Maximilien de
600 1 4 _aDanton, Georges Jacques
600 1 4 _aRichelieu, Armand Jean du Plessis
600 1 4 _aMazarino, Giulio Raimondo
600 1 4 _aCalvino, Italo
600 1 4 _aLutero, Martín
_d1453-1546
650 4 _aCIENCIAS POLITICAS
650 4 _aHISTORIA MODERNA
650 4 _aECONOMIA
650 4 _aRELIGION
650 4 _aREFORMA
650 4 _aREVOLUCION
650 4 _aSOCIEDAD
650 4 _aINDUSTRIALIZACION
650 4 _aLITERATURA
650 4 _aHISTORIA DE LAS CIENCIAS
650 4 _aHISTORIA DEL ARTE
650 4 _aHISTORIA EUROPEA
700 1 _aDíez, Olga
_etraductor
942 _cBK
998 _cmariana
999 _c1382
_d1382